000 00518nam a22001697a 4500
005 20251108165446.0
008 250721s9999 xx 000 0 ara d
082 1 4 _aم/217/طبر
100 1 _aالطبري، أبو جعفر محمد بن جرير بن يزيد الأملي
245 1 0 _aإختلاف الفقهاء /
264 1 _aبيروت :
_bدار الكتب العلمية،
_c[19-].
300 _a319ص
650 1 7 _aالإسلام
650 1 7 _aفقه السنة
942 _2ddc
_cREF
999 _c28412
_d28412